[Event "BayJEM19 - U16w"]
[Site "?"]
[Date "2019.04.24"]
[Round "4.5"]
[White "Albayrak, Berrak"]
[Black "Petzold, Annika"]
[Result "1-0"]
[WhiteElo "1516"]
[BlackElo "1528"]
[PlyCount "77"]
[EventDate "2019.??.??"]
[WhiteTeam "Spvg Zabo-Eintracht Nürnberg e.V"]
[BlackTeam "TSV Bindlach Aktionär"]

1. e4 g6 2. d4 Bg7 3. Nf3 d6 4. Nc3 Nf6 5. h3 c6 6. Be3 Nbd7 7. Qd2 b5 8. a3
Bb7 9. Bd3 a5 10. O-O O-O 11. Bh6 Re8 12. Bxg7 Kxg7 13. Rfe1 e5 14. d5 cxd5 15.
exd5 b4 16. axb4 axb4 17. Ne4 Qb6 18. Nxf6 Nxf6 19. Rxa8 Rxa8 20. Be4 Qc5 21.
Re3 Ra4 22. Ne1 b3 23. Bf3 bxc2 24. Qxc2 Qxc2 25. Nxc2 e4 26. Bd1 Ra2 27. b4
Rb2 28. f3 exf3 29. Rxf3 Bxd5 30. Rd3 Be4 31. Rd2 Rb1 32. Ne3 d5 33. Rd4 Rb2
34. Kh2 Kf8 35. Kg3 Nh5+ 36. Kg4 f5+ 37. Kg5 Kf7 38. Bxh5 gxh5 39. Kxh5 1-0

[Event "BayJEM19 - U16w"]
[Site "?"]
[Date "2019.04.24"]
[Round "4.6"]
[White "Paoli, Constanze Maria"]
[Black "Röll, Laura"]
[Result "0-1"]
[WhiteElo "1457"]
[BlackElo "1240"]
[PlyCount "86"]
[EventDate "2019.??.??"]
[WhiteTeam "SC Königsspringer Alzenau e.V"]
[BlackTeam "Schach-Club Vaterstetten-Grasbru"]

1. e4 e5 2. Nf3 Nc6 3. Bc4 Nf6 4. Ng5 d5 5. exd5 Na5 6. Bb5+ Bd7 7. Qe2 Bd6 8.
d4 Qe7 9. c3 c6 10. dxc6 Nxc6 11. O-O exd4 12. Qd1 O-O 13. Re1 Qd8 14. Bxc6
Bxc6 15. Qxd4 Qc7 16. g3 b6 17. Nd2 Qb7 18. Qxd6 Rad8 19. Qf4 Rfe8 20. Ndf3
Rxe1+ 21. Nxe1 Rd1 22. Qe3 h6 23. Nh3 Ng4 24. Qe2 Bf3 25. Qe8+ Kh7 26. Nf4 Qd7
27. Bd2 Qxe8 28. Rxd1 Bxd1 29. b3 g5 30. Nd5 Qd8 31. c4 Nf6 32. Bc3 Nxd5 33.
cxd5 Qxd5 34. Ng2 Qd3 35. Bf6 Qb1 36. Ne3 Bxb3+ 37. Kg2 Qxa2 38. Nf5 Kg6 39.
Nd6 Kxf6 40. Ne4+ Kg6 41. Nc3 Qc2 42. Nd5 Bxd5+ 43. Kh3 Qf5+ 0-1

[Event "BayJEM19 - U16w"]
[Site "?"]
[Date "2019.04.24"]
[Round "4.7"]
[White "Burger, Daiana"]
[Black "Dietrich, Christina"]
[Result "1-0"]
[WhiteElo "1137"]
[BlackElo "1227"]
[PlyCount "119"]
[EventDate "2019.??.??"]
[WhiteTeam "SK Neumarkt e.V."]
[BlackTeam "SGem 1882 Fürth"]

1. e4 e5 2. Nf3 Nc6 3. Bc4 Be7 4. d4 exd4 5. Nxd4 Nf6 6. Nc3 b6 7. Be3 Bb7 8.
f4 d6 9. Nf5 Rg8 10. Qd2 Na5 11. Bd3 Qd7 12. b4 Nc6 13. Nd5 O-O-O 14. b5 Nxd5
15. exd5 Nb8 16. Nd4 Bxd5 17. c4 Be6 18. f5 d5 19. fxe6 fxe6 20. cxd5 exd5 21.
Bf5 a5 22. Bxd7+ Rxd7 23. O-O Bf6 24. Rac1 h6 25. Ne6 Re8 26. Nf4 d4 27. Bf2
Re4 28. Qd3 Rxf4 29. Bg3 Rxf1+ 30. Qxf1 Bg5 31. Qf8+ Kb7 32. Qf3+ Kc8 33. Re1
d3 34. Re8+ Bd8 35. Bxc7 Kxc7 36. Qf4+ Kc8 37. Qc4+ Kb7 38. Re1 d2 39. Rd1 Bg5
40. h4 Be3+ 41. Kh1 Rd4 42. Qf7+ Ka8 43. g3 Rd7 44. Qf3+ Ka7 45. Qxe3 Rd5 46.
a4 g5 47. Rxd2 Rc5 48. Qe7+ Ka8 49. hxg5 hxg5 50. Rd6 Rc1+ 51. Kh2 Rc2+ 52. Kh3
g4+ 53. Kh4 Rh2+ 54. Kxg4 Rc2 55. Qe4+ Nc6 56. Qxc2 Nb8 57. Qe4+ Ka7 58. Qe7+
Ka8 59. Rxb6 Nc6 60. Qb7# 1-0

[Event "BayJEM19 - U16w"]
[Site "?"]
[Date "2019.04.24"]
[Round "4.8"]
[White "Vuckovic, Katarina"]
[Black "Goldstein, Elena"]
[Result "1/2-1/2"]
[WhiteElo "1501"]
[BlackElo "968"]
[PlyCount "38"]
[EventDate "2019.??.??"]
[WhiteTeam "Schachfreunde Augsburg"]
[BlackTeam "Spvgg 1946 e.V. Stetten"]

1. e4 e6 2. d4 d5 3. exd5 exd5 4. Bd3 Bd6 5. Qf3 Nf6 6. h3 c5 7. Ne2 Bd7 8. c3
Nc6 9. Bg5 Be6 10. Nd2 cxd4 11. cxd4 h6 12. Bh4 g5 13. Bg3 Bxg3 14. Qxg3 Qb6
15. Rb1 Nxd4 16. Qe5 Nxe2 17. Qxf6 Qd4 18. Bb5+ Kf8 19. Qf3 Nf4 1/2-1/2

[Event "BayJEM19 - U16w"]
[Site "?"]
[Date "2019.04.25"]
[Round "5.1"]
[White "Bardorz, Jana"]
[Black "Cheredzhiyska, Iva"]
[Result "1-0"]
[WhiteElo "1863"]
[BlackElo "1583"]
[PlyCount "55"]
[EventDate "2019.??.??"]
[WhiteTeam "TSV 1869 e. V. Rottendorf"]
[BlackTeam "TV Tegernsee"]

1. e4 e5 2. Nf3 Nc6 3. Bc4 Bc5 4. c3 Nf6 5. d3 d5 6. exd5 Nxd5 7. b4 Bb6 8.
Bxd5 Qxd5 9. c4 Qd8 10. c5 Nxb4 11. Qa4+ c6 12. cxb6 Nxd3+ 13. Ke2 O-O 14. Qe4
Nf4+ 15. Bxf4 exf4 16. Rd1 Qf6 17. Qe5 Qg6 18. Kf1 Be6 19. Qxf4 Qc2 20. Nbd2
axb6 21. a4 b5 22. axb5 Qd3+ 23. Kg1 Qxb5 24. Rab1 Qa6 25. Ne4 Qa4 26. Nfg5 Bb3
27. Qf5 g6 28. Qh3 1-0

[Event "BayJEM19 - U16w"]
[Site "?"]
[Date "2019.04.25"]
[Round "5.2"]
[White "Kunisch, Nina"]
[Black "Khamenya, Vitalia"]
[Result "0-1"]
[WhiteElo "1755"]
[BlackElo "1872"]
[PlyCount "138"]
[EventDate "2019.??.??"]
[WhiteTeam "TV-Großostheim 1900 e.V."]
[BlackTeam "SK Gräfelfing"]

1. d4 d5 2. Nf3 e6 3. c3 Bd6 4. Bg5 Ne7 5. Nbd2 f5 6. e3 Nd7 7. Nh4 O-O 8. g4
f4 9. Ng2 e5 10. exf4 exf4 11. Qe2 Nf6 12. h3 Ne4 13. Bxe7 Bxe7 14. O-O-O Ng5
15. f3 a6 16. h4 Ne6 17. Nb3 c6 18. Qc2 b5 19. Bd3 h6 20. Bh7+ Kh8 21. g5 h5
22. Bg6 Nc7 23. Bxh5 Bf5 24. Qd2 Ne6 25. Rde1 Qc7 26. Re2 a5 27. Rhe1 a4 28.
Na1 a3 29. b3 Qd6 30. Re5 Qd7 31. Nxf4 Nxf4 32. Qxf4 Bd6 33. Qg3 Bxe5 34. Rxe5
g6 35. Bg4 Bxg4 36. fxg4 Rf1+ 37. Re1 Rxe1+ 38. Qxe1 Qxg4 39. Qe5+ Kg8 40. Qf6
Qg1+ 41. Kd2 Qg2+ 42. Kd1 Qe4 43. Qe5 Qd3+ 44. Ke1 Rf8 45. Qe6+ Rf7 46. h5
Qxc3+ 47. Ke2 Qf3+ 48. Kd2 Qf4+ 49. Kd3 Qe4+ 50. Qxe4 dxe4+ 51. Ke2 gxh5 52.
Nc2 h4 53. Ne3 Kg7 54. Ng4 Rf4 55. Nh2 Kg6 56. Ke3 Kxg5 57. Ke2 h3 58. Ke3 Rf3+
59. Nxf3+ exf3 60. Kxf3 Kf5 61. b4 h2 62. Kg2 Ke4 63. Kxh2 Kxd4 64. Kg3 Kc3 65.
Kf3 Kb2 66. Ke3 Kxa2 67. Kd4 Kb3 68. Kc5 a2 69. Kxc6 a1=Q 0-1

[Event "BayJEM19 - U16w"]
[Site "?"]
[Date "2019.04.25"]
[Round "5.3"]
[White "Albayrak, Berrak"]
[Black "Pavlov, Liliane"]
[Result "1-0"]
[WhiteElo "1516"]
[BlackElo "1764"]
[PlyCount "85"]
[EventDate "2019.??.??"]
[WhiteTeam "Spvg Zabo-Eintracht Nürnberg e.V"]
[BlackTeam "SC Bavaria Regensb.1881"]

1. e4 d5 2. exd5 Qxd5 3. Nc3 Qd6 4. d4 c6 5. Nf3 Nf6 6. h3 Nbd7 7. Bc4 b5 8.
Bb3 Bb7 9. Be3 e6 10. O-O Qc7 11. a3 Bd6 12. Re1 O-O 13. Qe2 Rfe8 14. Qd2 a6
15. Bg5 h6 16. Bxf6 Nxf6 17. Rad1 Rad8 18. Kh1 c5 19. Qe2 c4 20. Ba2 Qc6 21.
Qf1 Nd5 22. Ne4 Bb8 23. c3 Nf4 24. Bb1 f5 25. Ned2 g5 26. Rc1 Qc7 27. g3 Nh5
28. Kg1 g4 29. hxg4 fxg4 30. Ne5 Nf6 31. Re3 Rf8 32. Rce1 h5 33. Ng6 Qc6 34.
Be4 Qc7 35. Bxb7 Rf7 36. Bg2 Nd5 37. Rxe6 h4 38. Nxh4 Nf4 39. Re8+ Rxe8 40.
Rxe8+ Kg7 41. Ne4 Nd3 42. Qe2 Kh6 43. Qxg4 1-0

[Event "BayJEM19 - U16w"]
[Site "?"]
[Date "2019.04.25"]
[Round "5.4"]
[White "Röll, Laura"]
[Black "Kühne, Maria"]
[Result "0-1"]
[WhiteElo "1240"]
[BlackElo "1562"]
[PlyCount "120"]
[EventDate "2019.??.??"]
[WhiteTeam "Schach-Club Vaterstetten-Grasbru"]
[BlackTeam "FC Ergolding 1932 e.V."]

1. e4 d5 2. exd5 Qxd5 3. Nc3 Qd6 4. Nf3 c6 5. d4 Nf6 6. Bd3 Bg4 7. Bg5 Nbd7 8.
h3 Bh5 9. Qe2 e6 10. Qe3 Be7 11. Ne5 Nd5 12. Bxe7 Qxe7 13. Nxd5 cxd5 14. c3 a6
15. Qg3 Bg6 16. Bxg6 hxg6 17. f4 Nxe5 18. fxe5 Qh4 19. Qxh4 Rxh4 20. O-O Re4
21. Rf2 Ke7 22. Rc1 Rc8 23. Rd2 f6 24. exf6+ gxf6 25. Kf2 b5 26. Re1 Rxe1 27.
Kxe1 Rc4 28. Rc2 e5 29. dxe5 fxe5 30. Rd2 Ke6 31. Kf2 a5 32. g4 Rc8 33. Kg3 Rf8
34. h4 e4 35. Rf2 Rh8 36. g5 Rg8 37. Rf6+ Ke5 38. Ra6 d4 39. cxd4+ Kxd4 40. Kf2
Kd3 41. Rd6+ Kc2 42. Ke3 Kxb2 43. Kxe4 Kxa2 44. Ra6 Kb3 45. Rxa5 b4 46. Kd4 Kb2
47. Kc4 b3 48. Rb5 Rc8+ 49. Kd3 Rc3+ 50. Kd4 Kc2 51. h5 gxh5 52. g6 Rg3 53. Kc4
b2 54. Rxh5 Rg4+ 55. Kd5 b1=Q 56. Rh2+ Kb3 57. Rh3+ Ka4 58. g7 Qf5+ 59. Kd6
Rg6+ 60. Ke7 Rxg7+ 0-1

[Event "BayJEM19 - U16w"]
[Site "?"]
[Date "2019.04.25"]
[Round "5.5"]
[White "Weber, Leonora"]
[Black "Burger, Daiana"]
[Result "1-0"]
[WhiteElo "1526"]
[BlackElo "1137"]
[PlyCount "79"]
[EventDate "2019.??.??"]
[WhiteTeam "Schachklub Rochade Augsburg"]
[BlackTeam "SK Neumarkt e.V."]

1. e4 e5 2. Nf3 Nc6 3. Bc4 Bc5 4. c3 Nf6 5. d4 exd4 6. cxd4 Bb4+ 7. Bd2 Bxd2+
8. Nbxd2 d5 9. e5 dxc4 10. exf6 Qxf6 11. Nxc4 O-O 12. O-O Rd8 13. d5 Be6 14.
Ne3 Nb4 15. Qb3 Nxd5 16. Qxb7 Qf4 17. Qb3 Nb6 18. Qc2 Nc4 19. Nxc4 Bxc4 20.
Rfc1 Bd5 21. Qxc7 Qxc7 22. Rxc7 Bxf3 23. gxf3 g6 24. Re1 Rab8 25. b3 Rb5 26.
Rxa7 Rg5+ 27. Kf1 Rd2 28. Re4 Rh5 29. Kg2 Rhd5 30. b4 Rb2 31. a3 Rdd2 32. Re8+
Kg7 33. Ree7 Rxf2+ 34. Kg3 Rg2+ 35. Kf4 g5+ 36. Kf5 Rbd2 37. Rxf7+ Kg8 38. Rg7+
Kf8 39. Rxh7 Rde2 40. Rh8# 1-0

[Event "BayJEM19 - U16w"]
[Site "?"]
[Date "2019.04.25"]
[Round "5.6"]
[White "Schilay, Maria"]
[Black "Petzold, Annika"]
[Result "1-0"]
[WhiteElo "1580"]
[BlackElo "1528"]
[PlyCount "57"]
[EventDate "2019.??.??"]
[WhiteTeam "SK Neumarkt e.V."]
[BlackTeam "TSV Bindlach Aktionär"]

1. e4 g6 2. d4 Bg7 3. Nf3 d6 4. Nc3 Nf6 5. Be3 O-O 6. Bd3 c6 7. Qd2 Re8 8. Bh6
Bh8 9. h3 Na6 10. Ng5 e5 11. dxe5 dxe5 12. O-O-O Be6 13. f4 exf4 14. Qxf4 Qc7
15. Nxe6 Rxe6 16. Qxc7 Nxc7 17. Bf4 Re7 18. Bd6 Rd7 19. e5 Nfe8 20. Ne4 Nxd6
21. exd6 Ne6 22. Bc4 Be5 23. Bxe6 Bf4+ 24. Kb1 fxe6 25. Nf6+ Kf7 26. Nxd7 b6
27. Rhf1 g5 28. g3 Rd8 29. Ne5+ 1-0

[Event "BayJEM19 - U16w"]
[Site "?"]
[Date "2019.04.25"]
[Round "5.7"]
[White "Dietrich, Christina"]
[Black "Goldstein, Elena"]
[Result "1-0"]
[WhiteElo "1227"]
[BlackElo "968"]
[PlyCount "59"]
[EventDate "2019.??.??"]
[WhiteTeam "SGem 1882 Fürth"]
[BlackTeam "Spvgg 1946 e.V. Stetten"]

1. e4 e6 2. d4 d5 3. Nc3 Nf6 4. Bg5 Be7 5. Bxf6 Bxf6 6. e5 Be7 7. Nf3 c5 8. Be2
Nc6 9. O-O O-O 10. Qd2 cxd4 11. Nxd4 Nxe5 12. Nd1 Bd6 13. Ne3 Qh4 14. f4 Nc6
15. Ng4 e5 16. Nxe5 Nxe5 17. fxe5 Bxe5 18. Nf3 Qe7 19. Nxe5 Qxe5 20. b3 Be6 21.
Rad1 Rad8 22. Bf3 b6 23. c4 dxc4 24. Qxd8 Qc5+ 25. Qd4 Qe7 26. Bd5 Bh3 27.
Bxf7+ Rxf7 28. Qd8+ Qxd8 29. Rxd8+ Rf8 30. Rdxf8# 1-0

[Event "BayJEM19 - U16w"]
[Site "?"]
[Date "2019.04.25"]
[Round "5.8"]
[White "Paoli, Constanze Maria"]
[Black "Vuckovic, Katarina"]
[Result "0-1"]
[WhiteElo "1457"]
[BlackElo "1501"]
[PlyCount "68"]
[EventDate "2019.??.??"]
[WhiteTeam "SC Königsspringer Alzenau e.V"]
[BlackTeam "Schachfreunde Augsburg"]

1. e4 c5 2. Nf3 Nc6 3. g3 Nf6 4. d3 e6 5. Bg2 Be7 6. O-O d5 7. Nbd2 O-O 8. Ne1
b5 9. f4 Qb6 10. e5 c4+ 11. Kh1 Nd7 12. c3 a5 13. d4 b4 14. h4 Re8 15. f5 exf5
16. Bxd5 Bb7 17. Ng2 g6 18. Bxc4 Rac8 19. e6 Nde5 20. dxe5 Nxe5 21. exf7+ Nxf7
22. Bxf7+ Kxf7 23. Qb3+ Kg7 24. Nf3 Qa6 25. Bf4 Bf6 26. Nd4 Bxd4 27. cxd4 Re2
28. Be5+ Kf8 29. Rg1 Rcc2 30. d5 Rcd2 31. Rad1 Bxd5 32. Qa4 Bxg2+ 33. Rxg2 Rxg2
34. Rxd2 Qf1# 0-1

[Event "BayJEM19 - U16w"]
[Site "?"]
[Date "2019.04.25"]
[Round "6.1"]
[White "Kühne, Maria"]
[Black "Bardorz, Jana"]
[Result "1/2-1/2"]
[WhiteElo "1562"]
[BlackElo "1863"]
[PlyCount "69"]
[EventDate "2019.??.??"]
[WhiteTeam "FC Ergolding 1932 e.V."]
[BlackTeam "TSV 1869 e. V. Rottendorf"]

1. e4 e5 2. d4 exd4 3. Qxd4 Nc6 4. Qe3 g6 5. Nc3 Bg7 6. Bd2 d6 {[%emt 0:00:00]}
7. Bc4 Nf6 8. O-O-O O-O 9. f3 a6 {[%emt 0:00:00]} 10. Bb3 b5 11. g4 Ne5 12. h4
c5 13. a3 Rb8 14. g5 Nh5 15. Nd5 c4 16. Ba2 Be6 17. Bb4 Kh8 18. Nc3 Qb6 19.
Qxb6 Rxb6 20. Rh2 Rc6 21. Bxd6 Rd8 22. Rhd2 Nd3+ 23. cxd3 Rcxd6 24. dxc4 Rxd2
25. Rxd2 Rxd2 26. Kxd2 Nf4 27. Nge2 Nxe2 28. Kxe2 {[%emt 0:00:00]} bxc4 29. Ke3
f5 30. Nd5 Bxb2 31. Bxc4 Bxa3 32. Bxa6 Bc5+ 33. Ke2 fxe4 34. fxe4 Bxd5 35. exd5
1/2-1/2

[Event "BayJEM19 - U16w"]
[Site "?"]
[Date "2019.04.25"]
[Round "6.2"]
[White "Khamenya, Vitalia"]
[Black "Albayrak, Berrak"]
[Result "1-0"]
[WhiteElo "1872"]
[BlackElo "1516"]
[PlyCount "109"]
[EventDate "2019.??.??"]
[WhiteTeam "SK Gräfelfing"]
[BlackTeam "Spvg Zabo-Eintracht Nürnberg e.V"]

1. e4 d6 2. d4 Nf6 3. Nc3 g6 4. Be3 Bg7 5. f3 c6 6. Qd2 Qc7 7. h4 h5 8. Be2 Na6
9. Nh3 Bd7 10. Nf2 Qc8 11. e5 dxe5 12. dxe5 Ng8 13. Bd4 Be6 14. f4 Nh6 15. Nfe4
Nf5 16. Bf2 Qd8 17. O-O-O Qxd2+ 18. Rxd2 Nc7 19. Nc5 b6 20. Nxe6 Nxe6 21. Bf3
Rc8 22. Rhd1 Rc7 23. g3 O-O 24. Rd7 Rfc8 25. Ne4 Rxd7 26. Rxd7 Rc7 27. Rxc7
Nxc7 28. Nc3 c5 29. a4 e6 30. a5 Nd4 31. Bxd4 cxd4 32. axb6 axb6 33. Ne2 f6 34.
exf6 Bxf6 35. b3 e5 36. Bc6 Kf8 37. Kd2 Ne8 38. Bxe8 Kxe8 39. Kd3 Kd7 40. Ke4
Kd6 41. fxe5+ Bxe5 42. Nf4 b5 43. b4 d3 44. Kxd3 Bxf4 45. gxf4 Kd5 46. c3 Ke6
47. c4 bxc4+ 48. Kxc4 Kf5 49. b5 Kg4 50. b6 Kxh4 51. b7 Kg4 52. b8=Q h4 53. Kd3
h3 54. Ke3 h2 55. Qb7 1-0

[Event "BayJEM19 - U16w"]
[Site "?"]
[Date "2019.04.25"]
[Round "6.3"]
[White "Weber, Leonora"]
[Black "Kunisch, Nina"]
[Result "1-0"]
[WhiteElo "1526"]
[BlackElo "1755"]
[PlyCount "87"]
[EventDate "2019.??.??"]
[WhiteTeam "Schachklub Rochade Augsburg"]
[BlackTeam "TV-Großostheim 1900 e.V."]

1. e4 e5 2. Nf3 Nc6 3. Bc4 Bc5 4. c3 Nf6 5. d4 exd4 6. cxd4 Bb4+ 7. Bd2 Bxd2+
8. Nbxd2 d5 9. e5 dxc4 10. exf6 Qxf6 11. Nxc4 O-O 12. O-O Rd8 13. d5 Ne7 14.
Re1 Bg4 {[%emt 0:00:00]} 15. Ne3 Bh5 {[%emt 0:00:00]} 16. Qe2 h6 17. Rad1 b6
18. h3 Bxf3 19. Qxf3 Qxb2 20. Nc4 Qb4 21. d6 cxd6 22. Nxd6 Rxd6 23. Qxa8+ Kh7
24. Qxa7 Ng6 25. Qxf7 Rf6 26. Qc7 Qb2 27. Rf1 Qxa2 28. Rd7 Qg8 29. Rb1 Nf4 30.
Re1 Qf8 {[%emt 0:00:00]} 31. Ree7 Nh5 32. Rd8 Qxd8 33. Qxd8 Nf4 34. Rb7 Rg6 35.
Rb8 Rxg2+ 36. Kf1 Rh2 37. Qh8+ Kg6 38. Rxb6+ Kh5 39. Qe8+ Kh4 40. Qe7+ Kxh3 41.
Rb3+ Kg4 42. Qxg7+ Kf5 43. Qf7+ Kg4 44. Rg3+ 1-0

[Event "BayJEM19 - U16w"]
[Site "?"]
[Date "2019.04.25"]
[Round "6.4"]
[White "Cheredzhiyska, Iva"]
[Black "Schilay, Maria"]
[Result "1-0"]
[WhiteElo "1583"]
[BlackElo "1580"]
[PlyCount "63"]
[EventDate "2019.??.??"]
[WhiteTeam "TV Tegernsee"]
[BlackTeam "SK Neumarkt e.V."]

1. e4 e5 2. Nf3 Nc6 3. d4 exd4 4. Nxd4 Bc5 5. Nb3 Bb6 6. Nc3 Nf6 7. Qe2 O-O 8.
Bg5 Re8 9. f3 d6 10. O-O-O Be6 11. g4 a5 12. Na4 Ba7 13. Qb5 Qd7 14. Bxf6 gxf6
15. Nbc5 Qc8 16. Nxe6 Be3+ 17. Kb1 fxe6 18. Qb3 Bf4 19. Bb5 Re7 20. Nc3 Be5 21.
Ne2 d5 22. exd5 exd5 23. Qxd5+ Qe6 24. Qxe6+ Rxe6 25. Bc4 Rae8 26. f4 Bd6 27.
f5 Kg7 28. Bxe6 Nd8 29. Nd4 Be5 30. Bb3 Kh8 31. Nf3 Nc6 32. Ba4 1-0

[Event "BayJEM19 - U16w"]
[Site "?"]
[Date "2019.04.25"]
[Round "6.5"]
[White "Pavlov, Liliane"]
[Black "Röll, Laura"]
[Result "1-0"]
[WhiteElo "1764"]
[BlackElo "1240"]
[PlyCount "49"]
[EventDate "2019.??.??"]
[WhiteTeam "SC Bavaria Regensb.1881"]
[BlackTeam "Schach-Club Vaterstetten-Grasbru"]

1. d4 {[%emt 0:00:00]} d5 2. c4 c6 3. Nf3 Nf6 4. g3 Bf5 5. Bg2 e6 6. cxd5 exd5
7. Nc3 Bd6 8. O-O O-O 9. Nh4 Be6 10. Qc2 Nbd7 11. f4 Nb6 12. Nf3 Qd7 13. Ne5
Bxe5 14. fxe5 Ne4 15. Nxe4 dxe4 16. Qxe4 Bf5 17. Rxf5 Rfe8 18. Rf1 Rad8 19. e3
Nd5 20. Qh4 Ne7 21. Bh3 Qc7 22. e6 Ng6 23. exf7+ Kh8 24. fxe8=N Nxh4 25. Rf8#
1-0

[Event "BayJEM19 - U16w"]
[Site "?"]
[Date "2019.04.25"]
[Round "6.6"]
[White "Dietrich, Christina"]
[Black "Paoli, Constanze Maria"]
[Result "1-0"]
[WhiteElo "1227"]
[BlackElo "1457"]
[PlyCount "81"]
[EventDate "2019.??.??"]
[WhiteTeam "SGem 1882 Fürth"]
[BlackTeam "SC Königsspringer Alzenau e.V"]

1. e4 e5 2. Nf3 Nc6 3. Nc3 Nf6 4. Be2 Bb4 5. a3 Bc5 6. d3 h6 7. Be3 Bb6 8. Qd2
d6 9. d4 exd4 10. Nxd4 Nxd4 11. Bxd4 c5 12. Be3 O-O 13. O-O Re8 14. Bd3 Ba5 15.
f3 Qe7 16. Rfe1 Qe5 17. f4 Qh5 18. Bf2 Bd7 19. f5 Ng4 20. Bg3 Ne5 21. Be2 Qg5
22. Bf4 Qe7 23. Rf1 a6 24. Qe3 Bxc3 25. Qxc3 Bb5 26. Qe3 Bxe2 27. Qxe2 Nc6 28.
Rae1 Qf6 29. Qg4 Qd4+ 30. Kh1 Rxe4 31. Rxe4 Qxe4 32. f6 g5 33. Qg3 Qf5 34. Kg1
Qxf6 35. h4 Qd4+ 36. Kh2 f6 37. hxg5 fxg5 38. Bxd6 Qxb2 39. Qh3 Kg7 40. Qd7+
Kg6 41. Qf7# 1-0

[Event "BayJEM19 - U16w"]
[Site "?"]
[Date "2019.04.25"]
[Round "6.7"]
[White "Goldstein, Elena"]
[Black "Burger, Daiana"]
[Result "0-1"]
[WhiteElo "968"]
[BlackElo "1137"]
[PlyCount "26"]
[EventDate "2019.??.??"]
[WhiteTeam "Spvgg 1946 e.V. Stetten"]
[BlackTeam "SK Neumarkt e.V."]

1. e4 {[%emt 0:00:00]} e5 {[%emt 0:00:00]} 2. Nf3 {[%emt 0:00:00]} Nc6 {
[%emt 0:00:22]} 3. Nc3 {[%emt 0:00:00]} Nf6 {[%emt 0:00:00]} 4. Bc4 {[%emt 0:
00:04]} Bc5 {[%emt 0:00:00]} 5. d3 {[%emt 0:00:03]} h6 6. O-O d6 7. h3 Be6 8.
Bb3 Qd7 9. Bd2 O-O-O 10. Nd5 Bxh3 11. g3 Qg4 12. Nh2 Qxg3+ 13. Kh1 Qg2# 0-1

[Event "BayJEM19 - U16w"]
[Site "?"]
[Date "2019.04.25"]
[Round "6.8"]
[White "Petzold, Annika"]
[Black "Vuckovic, Katarina"]
[Result "0-1"]
[WhiteElo "1528"]
[BlackElo "1501"]
[PlyCount "85"]
[EventDate "2019.??.??"]
[WhiteTeam "TSV Bindlach Aktionär"]
[BlackTeam "Schachfreunde Augsburg"]

1. b4 e5 2. Bb2 e4 3. c4 Nf6 4. b5 c6 5. a4 d5 6. e3 Be6 7. Qb3 Nbd7 8. Nc3 Nc5
9. Qa2 dxc4 10. f3 Nd3+ 11. Bxd3 cxd3 12. Qb1 exf3 13. Nxf3 c5 14. O-O Bd6 15.
Ng5 Ng4 16. Nxe6 Bxh2+ 17. Kh1 fxe6 18. Rf3 Qh4 19. Rh3 Nf2+ 20. Kxh2 Nxh3 21.
gxh3 O-O 22. Ne4 Qxe4 23. Qg1 g6 24. Ba3 b6 25. Bb2 Rf5 26. Qg2 Qxg2+ 27. Kxg2
Raf8 28. Bc3 Rf2+ 29. Kg1 Re2 30. a5 Rff2 31. axb6 Rg2+ 32. Kf1 Rh2 33. Kg1
axb6 34. Ra8+ Kf7 35. Ra6 Rxh3 36. Rxb6 h5 37. Rb7+ Ke8 38. Rb8+ Kd7 39. b6
Rg3+ 40. Kf1 Rf3+ 41. Kg1 h4 42. Ba5 h3 43. Rh8 0-1

[Event "BayJEM19 - U16w"]
[Site "?"]
[Date "2019.04.26"]
[Round "7.1"]
[White "Cheredzhiyska, Iva"]
[Black "Khamenya, Vitalia"]
[Result "0-1"]
[WhiteElo "1583"]
[BlackElo "1872"]
[PlyCount "77"]
[EventDate "2019.??.??"]
[WhiteTeam "TV Tegernsee"]
[BlackTeam "SK Gräfelfing"]

1. e4 c5 2. Nf3 d6 3. d4 cxd4 4. Nxd4 Nf6 5. Nc3 g6 6. f3 Bg7 7. Be3 a6 8. Qd2
Nbd7 9. Be2 b5 10. a3 Bb7 11. Bh6 O-O 12. h4 Qb6 13. O-O-O b4 14. axb4 Qxb4 15.
h5 e5 16. Nb3 Nc5 17. Bxg7 Kxg7 18. Nxc5 dxc5 19. h6+ Kg8 20. Qd6 Ne8 21. Qxe5
Qa5 22. Kb1 Qc7 23. Qg5 Rb8 24. f4 Qb6 25. Na4 Qb4 26. b3 Bxe4 27. Kc1 Bxc2 28.
Kxc2 Qxb3+ 29. Kd2 Qxa4 30. Ke1 c4 31. Rc1 Qb5 32. Bxc4 Qxg5 33. fxg5 a5 34.
Ra1 a4 35. Rf1 Ra8 36. Rf3 Nd6 37. Bd3 Ra5 38. Rf6 Re8+ 39. Kf1 0-1

[Event "BayJEM19 - U16w"]
[Site "?"]
[Date "2019.04.26"]
[Round "7.2"]
[White "Bardorz, Jana"]
[Black "Weber, Leonora"]
[Result "1-0"]
[WhiteElo "1863"]
[BlackElo "1526"]
[PlyCount "103"]
[EventDate "2019.??.??"]
[WhiteTeam "TSV 1869 e. V. Rottendorf"]
[BlackTeam "Schachklub Rochade Augsburg"]

1. e4 c5 2. Nf3 Nc6 3. d4 cxd4 4. Nxd4 g6 5. Nc3 Bg7 6. Be3 a6 7. Bc4 Nf6 8.
Bb3 O-O 9. O-O d6 10. h3 Bd7 11. a4 Qc8 12. Re1 h5 13. Nd5 Kh7 14. Nb6 Qd8 15.
Nxa8 Qxa8 16. Nxc6 Bxc6 17. Bd5 Nxe4 18. Bxc6 bxc6 19. Bd4 Nf6 20. Rxe7 c5 21.
Bc3 Nd5 22. Bxg7 Kxg7 23. Re1 Nf4 24. f3 Qd8 25. Kh2 h4 26. Qd2 g5 27. Ra3 d5
28. Qc3+ Qf6 29. Qxf6+ Kxf6 30. Rb3 Kf5 31. Rb6 Ra8 32. Re7 f6 33. Rc7 c4 34.
Rcc6 Nh5 35. Re6 a5 36. Kg1 Rd8 37. Kf2 d4 38. Red6 Rxd6 39. Rxd6 Ke5 40. Ra6
d3 41. cxd3 cxd3 42. Ke3 Nf4 43. Rxa5+ Kd6 44. b4 Nxg2+ 45. Kxd3 Nf4+ 46. Ke3
Nxh3 47. Ra8 Nf4 48. b5 Kc5 49. Kf2 Nd5 50. Ra6 Nb6 51. a5 Kxb5 52. Rxb6+ 1-0

[Event "BayJEM19 - U16w"]
[Site "?"]
[Date "2019.04.26"]
[Round "7.3"]
[White "Albayrak, Berrak"]
[Black "Kühne, Maria"]
[Result "0-1"]
[WhiteElo "1516"]
[BlackElo "1562"]
[PlyCount "92"]
[EventDate "2019.??.??"]
[WhiteTeam "Spvg Zabo-Eintracht Nürnberg e.V"]
[BlackTeam "FC Ergolding 1932 e.V."]

1. e4 d5 2. exd5 Qxd5 3. Nc3 Qd6 4. Nf3 g6 5. d4 Bg7 6. Be3 Nf6 7. Be2 O-O 8.
h3 Bf5 9. O-O Nbd7 10. Bd3 Bxd3 11. Qxd3 Rfd8 12. Rad1 Rac8 13. a3 a6 14. Rfe1
e6 15. Bg5 Re8 16. Qd2 b5 17. Qf4 Qxf4 18. Bxf4 Nb6 19. Be5 Nc4 20. Nd2 Nxd2
21. Rxd2 Red8 22. b4 Nd5 23. Nxd5 Rxd5 24. Bxg7 Kxg7 25. Red1 Rcd8 26. Rd3 c6
27. Kf1 Ra8 28. Rc3 Rd6 29. Rb3 e5 30. Rbd3 e4 31. Re3 f5 32. f3 Re8 33. g4
Rde6 34. Rde1 Kf6 35. Kf2 exf3 36. Rxe6+ Rxe6 37. Rxe6+ Kxe6 38. Kxf3 h6 39.
Ke3 fxg4 40. hxg4 h5 41. gxh5 gxh5 42. Kf4 Kd5 43. Kg5 Kxd4 44. Kxh5 Kc3 45.
Kg5 Kxc2 46. Kf5 Kb3 0-1

[Event "BayJEM19 - U16w"]
[Site "?"]
[Date "2019.04.26"]
[Round "7.4"]
[White "Burger, Daiana"]
[Black "Pavlov, Liliane"]
[Result "1-0"]
[WhiteElo "1137"]
[BlackElo "1764"]
[PlyCount "55"]
[EventDate "2019.??.??"]
[WhiteTeam "SK Neumarkt e.V."]
[BlackTeam "SC Bavaria Regensb.1881"]

1. e4 d5 2. exd5 Qxd5 3. Nc3 Qd6 4. d4 c6 5. Nf3 Nf6 6. Ne5 Nbd7 7. Nc4 Qc7 8.
Qf3 g6 9. Bf4 Qd8 10. O-O-O Nh5 11. Be3 Bg7 12. g4 Nhf6 13. Ne5 O-O 14. h3 e6
15. g5 Nd5 16. Ng4 f5 17. Nh6+ Kh8 18. Bd2 Bxd4 19. h4 Ne5 20. Qg3 f4 21. Bxf4
Nxf4 22. Ne2 Nxe2+ 23. Bxe2 Qd5 24. c3 Bxf2 25. Rhf1 Qc5 26. Rxf2 Bd7 27. b4
Rf3 28. Rxf3 1-0

[Event "BayJEM19 - U16w"]
[Site "?"]
[Date "2019.04.26"]
[Round "7.5"]
[White "Kunisch, Nina"]
[Black "Dietrich, Christina"]
[Result "1-0"]
[WhiteElo "1755"]
[BlackElo "1227"]
[PlyCount "97"]
[EventDate "2019.??.??"]
[WhiteTeam "TV-Großostheim 1900 e.V."]
[BlackTeam "SGem 1882 Fürth"]

1. e4 e5 2. Nf3 Nc6 3. Bc4 Be7 4. O-O Nf6 5. d3 d6 6. Re1 Be6 7. Bxe6 fxe6 8.
c3 O-O 9. b4 Qd7 10. a4 a6 11. Na3 Rab8 12. Qb3 Na7 13. Be3 Nc6 14. h3 b5 15.
axb5 axb5 16. Rad1 d5 17. Nc2 Qc8 18. Bg5 Qd7 19. exd5 exd5 20. Nxe5 Nxe5 21.
Rxe5 Rbd8 22. Rde1 Rf7 23. Ne3 c6 24. Nf5 Re8 25. Bxf6 gxf6 26. Nh6+ Kf8 27.
Nxf7 Kxf7 28. R5e3 Kf8 29. Qd1 h6 30. Qh5 Qd6 31. Qxh6+ Kf7 32. Rg3 Qxg3 33.
fxg3 Rg8 34. Qh7+ Rg7 35. Rxe7+ Kxe7 36. Qxg7+ Ke6 37. Qc7 d4 38. Qxc6+ Ke7 39.
cxd4 Kf7 40. d5 Kg6 41. Kf2 Kg7 42. Kf3 Kg6 43. Kf4 Kg7 44. Kf5 Kf7 45. Qxf6+
Ke8 46. d6 Kd7 47. Qe7+ Kc6 48. Qc7+ Kd5 49. Qc5# 1-0